00941nam a2200325 a 4500003000900000005001700009008004100026040001300067100003200080245002400112250001200136260003100148300001100179490002900190500005100219500002600270650002600296650001500322650002100337650001300358650001700371653001300388653002400401653001400425655001500439700003900454700004900493800004800542800002500590AR-BaBNM20251128204713.0082120s2002 ||||||||||||||000 | spa|| cAR-BaBNM1 aAlarcón, Pedro Antonio de00aEl Capitán Veneno a4ª ed. aBuenos AiresbHuemulc1979 a144 p. 0aClásicos Huemulvv. 13 aContiene referencias bibliográficas en p. 29 aVocabulario en p. 139 4aLITERATURA ESPAÑOLA 4aESCRITORES 4aSIGLO DIECINUEVE 4aREALISMO 4aROMANTICISMO aFOLLETIN aNOVELA DE AVENTURAS aNARRATIVA aLITERATURA1 aOlmos, Héctor Arieleprologuista1 aPassafari de Gutiérrez, Claraecolaborador1 aPellegrini, Juan Carlosefundadoredirector1 aRiba, Elsaedirector